[Event "Charity Cup MCCT Prel 2022"]
[Site "Online"]
[Date "2022.03.15"]
[Round "1.1"]
[White "Hansen, Eric"]
[Black "Niemann, Hans Moke"]
[Result "1/2-1/2"]
[WhiteElo "2606"]
[BlackElo "2642"]
[Annotator "TA"]
[PlyCount "42"]
[EventDate "2022.03.18"]
[EventType "tourn"]
[EventCountry "NET"]
[SourceTitle "playchess.com"]
[Source "ChessBase"]
[SourceQuality "1"]

{[%evp 15,42,26,22,27,18,7,9,0,0,0,0,0,16,20,26,36,22,19,10,0,0,0,0,0,0,0,0,0,0]} 1. e4 e5 2. Nf3 Nc6 3. Bc4 Nf6 4. d3 Bc5 5. c3 O-O 6. O-O d5 7. exd5 Nxd5 8. Re1 Bg4 9. h3 {C54: Giuoco Piano: 4 c3 Nf6, main lines with 5 d4 and 5 d3.} Bh5 10. Nbd2 Nb6 11. Bb3 $1 {[%mdl 4] is recently more successful than 11.Bb5.} Qxd3 12. Nxe5 Qf5 13. Nef3 $1 ({Wrong is} 13. Ndf3 $2 Nxe5 14. Rxe5 Qxe5 15. Nxe5 Bxd1 16. Bxd1 Rfe8 $19) 13... Rfe8 14. g4 $1 Bxg4 15. hxg4 Qxg4+ 16. Kh1 {The position is equal.} Ne5 {[#] aiming for ...Qh3+.} 17. Nxe5 $146 ({Predecessor:} 17. Nh2 Qg6 18. Bc2 Nd3 19. Bxd3 Qxd3 20. Ndf3 Qxd1 21. Rxd1 Bxf2 22. Bf4 c6 23. Rd2 {0-1 (49) Esipenko,A (2714)-Giri,A (2772) Wijk aan Zee 2022}) 17... Qh3+ 18. Kg1 Qg3+ 19. Kh1 Qh3+ 20. Kg1 Qg3+ 21. Kh1 Qh3+ {A balanced but interesting game.  Weighted Error Value: White=0.03 (flawless) /Black=0.01 (flawless)} 1/2-1/2

[Event "Charity Cup MCCT Prel 2022"]
[Site "Online"]
[Date "2022.03.15"]
[Round "1.2"]
[White "Ding, Liren"]
[Black "Harikrishna, Pentala"]
[Result "1-0"]
[WhiteElo "2799"]
[BlackElo "2719"]
[Annotator "TA"]
[PlyCount "113"]
[EventDate "2022.03.18"]
[EventType "tourn"]
[EventCountry "NET"]
[SourceTitle "playchess.com"]
[Source "ChessBase"]
[SourceQuality "1"]

{[%evp 22,113,12,11,18,21,24,25,21,32,27,19,22,23,26,31,24,23,52,52,39,42,63,64,110,96,114,115,102,115,164,164,159,159,208,122,116,114,127,121,134,127,133,122,137,122,152,147,166,132,218,193,238,236,223,242,433,412,484,401,509,489,478,479,806,835,690,535,752,752,725,700,1329,1235,1876,1783,2082,1543,2104,2028,2767,4329,29948,12848,29980,29981,29984,29985,29985,29986,29987,29988,29988,29989]} 1. g3 d5 2. Nf3 c5 3. Bg2 Nc6 4. d4 Nf6 5. O-O e6 6. c4 dxc4 7. Qa4 Bd7 8. Qxc4 cxd4 9. Nxd4 Rc8 10. Nc3 Nxd4 11. Qxd4 Bc5 12. Qh4 h6 {E04: Open Catalan: 5 Nf3.} 13. Bxb7 Rb8 {[#]} 14. Ne4 $1 Be7 {White has an edge.} 15. Ba6 {[%cal Oc1g5]} O-O 16. Nxf6+ Bxf6 17. Qe4 {[#] Black must now prevent Bd3.} Bb5 $146 ({Predecessor:} 17... Bxb2 18. Bxb2 Rxb2 19. Bd3 f5 20. Qe5 Qb8 21. Qd4 Bc6 22. Rab1 Rb6 23. Qe3 Bd5 {½-½ (29) Haas,B (2346)-Van Tricht,M (2321) ICCF email 2019}) 18. Bxb5 Rxb5 19. a4 $36 {[%mdl 2048] White fights for an advantage.} Rb8 20. Rb1 $1 Rb3 $1 21. Be3 Qa5 22. Rfc1 Qa6 (22... Rfb8 $14 {was preferrable.}) 23. Qc4 Qb7 24. a5 {And now a6 would win.} a6 {[#]} 25. Qc6 $1 Qb5 (25... Qa8 $16 {keeps fighting.}) 26. Qxb5 $18 Rxb5 27. b4 Rfb8 (27... Ra8 $16 28. Rc5 Rb7) 28. Bb6 ({White should play} 28. Rc6 $18) 28... Be7 $16 29. Rc4 h5 30. Kg2 g5 31. h3 Kg7 32. g4 hxg4 33. hxg4 Kg6 34. Kf3 Rh8 35. Bc5 Bf6 (35... Rc8 $16) 36. e3 Be5 (36... Rc8 $142 37. Rd1 Be7) 37. Rd1 $18 Rc8 38. Rd7 Rc7 $2 (38... f5 {was necessary.} 39. gxf5+ Kxf5) 39. Rxc7 Bxc7 {[%mdl 4096] Endgame KRB-KRB} 40. Bf8 Rb8 41. Rxc7 Rxf8 {KR-KR} 42. Rc6 Rb8 (42... Ra8 $142 43. Ke4 Rb8) 43. Rb6 Ra8 44. Ke4 Kf6 45. Kd4 Rd8+ 46. Kc5 Rd2 47. Rxa6 Rxf2 48. Rc6 Ke5 49. a6 Ra2 50. b5 f5 51. gxf5 exf5 52. Kb6 {White wants to mate with a7.} g4 53. Ka7 {White mates.} Ke4 54. b6 g3 55. b7 Rb2 56. Rg6 g2 57. b8=Q {Weighted Error Value: White=0.06 (flawless) /Black=0.46} 1-0

[Event "Charity Cup MCCT Prel 2022"]
[Site "Online"]
[Date "2022.03.16"]
[Round "1.3"]
[White "Carlsen, Magnus"]
[Black "Duda, Jan-Krzysztof"]
[Result "1/2-1/2"]
[WhiteElo "2865"]
[BlackElo "2760"]
[Annotator "TA"]
[PlyCount "95"]
[EventDate "2022.03.18"]
[EventType "tourn"]
[EventCountry "NET"]
[SourceTitle "playchess.com"]
[Source "ChessBase"]
[SourceQuality "1"]

{[%evp 16,95,11,5,9,0,2,0,8,0,0,0,10,0,5,-5,-3,-7,1,0,22,29,29,20,32,29,27,10,37,25,19,19,32,27,31,14,37,1,5,0,0,0,0,0,5,0,0,0,0,0,0,0,0,0,0,0,0,0,0,0,0,0,0,0,0,0,0,0,0,0,0,0,0,0,0,0,8,8,8,8,8,8]} 1. Nf3 d5 2. g3 Bg4 3. Bg2 e6 4. c4 c6 5. cxd5 Bxf3 6. Bxf3 cxd5 7. O-O Nc6 {7...Nc6 scores better than 7...Nf6.} 8. d4 Nf6 {[%cal Bg8f6,Bf6e8,Be8d6,Bd6c4][%mdl 32]} 9. Nc3 {[%cal Bb1c3,Bc3e2,Be2f4][%mdl 32]} Be7 {A11: English Opening: 1...c6.} 10. e3 O-O 11. Bd2 Qd7 {[#]} 12. Qa4 $146 ({Predecessor:} 12. Qe2 Rfc8 13. Rfd1 Bf8 14. Rac1 a6 15. Qd3 Ne7 16. b3 Nc6 17. Na4 Qd8 18. Nc5 {½-½ (46) Artemiev,V (2754)-Motylev,A (2650) Sochi 2019}) 12... Rfc8 13. Rfc1 Ne8 14. Ne2 Rc7 {[%cal Oc6e5]} 15. Kg2 Nd6 16. Nf4 Nc4 17. Bc3 b5 18. Qxb5 Rb8 19. Qa4 Nxb2 20. Bxb2 Rxb2 21. Nd3 Rb8 22. Nc5 Bxc5 23. Rxc5 Ne7 24. Qxd7 Rxd7 25. a4 {[%cal Ba2a4,Ba4a5][%mdl 32]} Rb2 26. h4 g6 {The position is equal.} 27. g4 h5 28. Rac1 hxg4 29. Bxg4 Kg7 30. a5 Kf6 31. Rc7 Rxc7 32. Rxc7 $11 {[%mdl 4096] Endgame KRB-KRN} Ra2 $1 ({But not} 32... a6 33. Ra7 $16) 33. Rxa7 Nc6 {[%csl LRa5,LRa7]} 34. Rc7 Nxa5 35. Ra7 {Strongly threatening h5.} Ra3 $1 36. h5 {[#] aiming for h6.} Nc4 37. Rxa3 Nxa3 38. hxg6 Kxg6 {KB-KN} 39. Be2 Kg5 40. Bd3 Nc4 41. Kg3 Nd6 42. f3 f6 43. e4 dxe4 44. fxe4 e5 45. dxe5 Nxe4+ 46. Bxe4 {[#] Threatening mate with e6.} fxe5 47. Bc2 e4 48. Bxe4 {An even fight not without its subleties.  Weighted Error Value: White=0.04 (flawless) /Black=0.03 (flawless)} 1/2-1/2

[Event "Charity Cup MCCT Prel 2022"]
[Site "Online"]
[Date "2022.03.15"]
[Round "1.4"]
[White "Navara, David"]
[Black "Vidit, Santosh Gujrathi"]
[Result "1/2-1/2"]
[WhiteElo "2700"]
[BlackElo "2727"]
[Annotator "TA"]
[PlyCount "45"]
[EventDate "2022.03.18"]
[EventType "tourn"]
[EventCountry "NET"]
[SourceTitle "playchess.com"]
[Source "ChessBase"]
[SourceQuality "1"]

{[%evp 14,45,21,18,20,18,22,15,19,0,6,0,0,-20,0,-3,0,0,0,0,0,-13,-13,-12,-22,-22,-12,-15,0,-19,0,-11,0,-16]} 1. d4 Nf6 2. c4 e6 3. Nf3 d5 4. Nc3 c5 5. cxd5 cxd4 6. Qxd4 exd5 7. Bg5 {[%cal Bc1g5,Bg5h4,Bh4g3][%mdl 32]} Be7 8. e3 {The position is equal.} O-O {D50: Queen's Gambit Declined: Dutch-Peruvian Gambit.} 9. Rd1 Be6 10. Be2 Nc6 11. Qa4 h6 12. Bh4 Qb6 {Threatens to win with ...g5.} 13. Qb5 Qxb5 14. Bxb5 Rfd8 15. O-O {[#]} g5 $146 ({Predecessor:} 15... Rac8 16. Ne2 g5 17. Bg3 Ne4 18. Nfd4 Nxd4 19. Nxd4 Bf6 20. Ba4 Nxg3 21. hxg3 Rc4 {½-½ (28) Moiseenko,A (2597)-Vysochin,S (2505) Kharkov 2021}) 16. Bg3 Ne4 17. Nxe4 dxe4 18. Bxc6 bxc6 19. Nd4 Bd7 20. Nb3 {[#] aiming for Bc7.} Be6 21. Nd4 Bd7 22. Nb3 {Hoping for Bc7.} Be6 23. Nd4 {An uneventful encounter.  Weighted Error Value: White=0.05 (flawless) /Black=0.06 (flawless)} 1/2-1/2

[Event "Charity Cup MCCT Prel 2022"]
[Site "Online"]
[Date "2022.03.15"]
[Round "1.6"]
[White "Lei, Tingjie"]
[Black "Le, Quang Liem"]
[Result "0-1"]
[WhiteElo "2535"]
[BlackElo "2709"]
[Annotator "TA"]
[PlyCount "88"]
[EventDate "2022.03.18"]
[EventType "tourn"]
[EventCountry "NET"]
[SourceTitle "playchess.com"]
[Source "ChessBase"]
[SourceQuality "1"]

{[%evp 14,88,44,41,33,27,29,19,27,16,19,28,26,43,33,-4,6,0,0,-4,-9,-15,0,0,46,27,80,6,10,-78,-36,-342,-331,-207,-118,-77,-48,-48,-48,-52,-52,-47,-72,-128,-127,-132,-112,-111,-123,-152,-142,-180,-181,-216,-205,-240,-161,-207,-180,-185,-137,-153,-145,-230,-160,-249,-233,-608,-595,-576,-573,-980,-947,-887,-859,-1304,-1049]} 1. e4 e5 2. Nf3 Nc6 3. Bc4 Nf6 4. Ng5 d5 5. exd5 Na5 6. Bb5+ c6 7. dxc6 bxc6 8. Bd3 $1 Nd5 {C58: Two Knights: 4 Ng5 d5 5 exd5 Na5 sidelines.} 9. Nf3 (9. Qh5 g6 10. Nxf7 gxh5 $17) 9... Bd6 10. O-O O-O {The position is equal.} 11. Re1 f5 {The modern move.} 12. Nxe5 Qf6 $1 (12... Qh4 13. Bf1 $18) 13. Nf3 g5 $1 14. c4 (14. g3 $5 {[%cal Rb1c3]}) 14... Nf4 15. Bf1 g4 16. d4 {Hoping for Ne5.} gxf3 17. Qxf3 Ne6 {[%cal Bf4e6,Be6d4,Bd4f3][%mdl 32]} (17... Qxd4 18. Rd1 Nh3+ 19. gxh3 $16) 18. Qc3 Qh4 $5 {[%mdl 4] Leaves trodden paths.} 19. h3 $1 $14 c5 {[#]} (19... Bc7 $1 $11 {remains equal.}) 20. d5 $146 (20. Qxa5 $16 {Threatens to win with dxc5.} Nxd4 21. Nc3) ({Predecessor:} 20. Nd2 Nxd4 21. Nf3 Nxf3+ 22. Qxf3 Bb7 23. Qc3 Nc6 24. Re6 Rad8 25. Bh6 Nd4 26. Bxf8 Bxf8 {0-1 (32) Deac,B (2679)-Demchenko,A (2654) Chess.com INT 2022}) 20... Nd4 $11 {[%cal Of5f4] Chess con chili.} 21. Qxa5 (21. Nd2 $1 $11) 21... f4 $17 22. Re4 $2 {[%mdl 8192] [#]} ({White has to play} 22. Nd2 $1 $15 f3 23. Re4 (23. Ne4 $2 fxg2 24. Bxg2 Bxh3 $19) 23... Ne2+ 24. Bxe2 fxe2 25. Rxe2 (25. Rxh4 $2 e1=Q+ 26. Nf1 Qxf2+ 27. Kh1 Qxf1#) 25... Bxh3 26. gxh3) 22... Nf3+ $1 {[%mdl 512]} 23. gxf3 Bxh3 24. Qe1 {aiming for Bxh3.} (24. Bxh3 Qxh3 25. Qe1 (25. Re6 Rf5 26. Bxf4 Bxf4) 25... Rf6 26. Re8+ Kf7 27. Re7+ (27. Qe6+ $2 Rxe6 28. dxe6+ Kxe8 $19) 27... Bxe7 28. Bxf4 Bd6 29. Bg3 (29. Bxd6 Rxd6 30. Qe4 Rg8+) 29... Bxg3 30. fxg3 Rg8 31. Nd2 Rxg3+) 24... Rf6 {( -> ...Rg6+). Black is more active.} (24... Qg5+ {with more complications.}) 25. Bxf4 $1 Bxf4 26. Bxh3 $1 Qxh3 $40 {[%cal Rf6g6][%mdl 128] Black mounts an attack.} 27. Rxf4 $1 Rxf4 28. Qe6+ (28. Nd2 $142) 28... Qxe6 29. dxe6 {[%mdl 4096] Endgame KRR-KRN} Re8 30. Nc3 Rxe6 31. Rd1 Rd4 {White must now prevent ...Rxd1+.} ({Stronger than} 31... Rxf3 32. Rd5 $17) 32. Rb1 Rxc4 33. Ne4 Rc2 34. Rd1 Re7 35. a4 (35. b3 $142) 35... c4 {[%cal Bc5c4,Bc4c3,Bc3c2][%mdl 32]} 36. Rd8+ Kg7 (36... Kf7 $19 37. Rb8 Kg6) 37. Rc8 Rb7 38. a5 (38. Kg2 $17) 38... a6 39. Rc6 (39. Kg2 $17) 39... Rbxb2 $19 {[%cal Oc4c3]} ({Avoid the trap} 39... Rcxb2 $2 40. Rxc4 R2b5 41. Ra4) 40. Rxa6 $2 (40. Kg2) 40... c3 {And now ...Rc1+ would win. Black is clearly winning.} 41. Ra7+ Kf8 {Strongly threatening ...Rc1+.} 42. Rc7 {[#]} Rc1+ $1 43. Kg2 {[#]} c2 $1 44. Ng5 Re1 {Weighted Error Value: White=0.51/Black=0.10 (very precise)} 0-1

[Event "Charity Cup MCCT Prel 2022"]
[Site "Online"]
[Date "2022.03.15"]
[Round "1.7"]
[White "Praggnanandhaa R"]
[Black "Jones, Gawain C B"]
[Result "1/2-1/2"]
[WhiteElo "2612"]
[BlackElo "2671"]
[Annotator "TA"]
[PlyCount "116"]
[EventDate "2022.03.18"]
[EventType "tourn"]
[EventCountry "NET"]
[SourceTitle "playchess.com"]
[Source "ChessBase"]
[SourceQuality "1"]

{[%evp 12,116,63,31,39,26,34,41,30,31,29,0,27,26,36,26,39,44,38,32,62,10,67,50,63,56,73,0,53,50,70,57,61,50,49,49,57,52,87,84,92,64,66,54,71,0,116,108,133,139,152,0,102,86,179,117,133,130,145,109,239,239,247,140,242,151,207,215,182,14,47,77,103,47,209,209,209,209,209,14,28,0,209,207,223,102,246,32,37,0,0,0,0,0,0,0,0,0,0,0,0,0,0,0,0,0,0]} 1. d4 Nf6 2. c4 g6 3. Nc3 Bg7 4. e4 d6 5. Be2 O-O 6. Be3 Nc6 {[%cal Bb8c6,Bc6e5,Be5g4][%mdl 32]} 7. d5 Ne5 {E73: King's Indian: Averbakh Variation without 6...c5.} 8. f4 Neg4 9. Bd2 Nh6 $1 {White is slightly better.} 10. Nf3 c6 11. a4 {[#]} cxd5 $146 ({Predecessor:} 11... e6 12. dxe6 Bxe6 13. Ng5 Re8 14. O-O Bg4 15. Bxg4 Qb6+ 16. Kh1 Nhxg4 17. Qe2 h6 18. Nxf7 Kxf7 {½-½ (49) Riazantsev,A (2638)-Makarian,R (2441) Sochi 2020}) 12. cxd5 e6 13. dxe6 Bxe6 14. O-O Rc8 15. Kh1 Re8 16. a5 (16. Ng5 $14) 16... Rc5 (16... d5 $11 17. e5 Ne4) 17. a6 bxa6 18. Rxa6 Bc8 19. Ra4 (19. Rxa7 $16 {Hoping for e5.} Nxe4 20. Nxe4 Rxe4 21. Ng5) 19... Bb7 (19... Bd7 $11) 20. Ng5 $14 (20. Rxa7 $6 Qb8 21. Rxb7 Qxb7 $11) 20... Bc6 21. Rxa7 Nxe4 22. Ncxe4 Bxe4 23. Nxe4 Rxe4 24. Bf3 {This bishop pair is nice.} Re8 25. b4 (25. g4 {feels hotter.} Rc4 26. b4 Qb6 27. Ra3 Rd4 28. Re1) 25... Rc7 26. Rxc7 (26. Ra6 {keeps more tension.} Nf5 27. Bc6 Rf8 28. b5 Qh4 29. Be1) 26... Qxc7 27. g4 {To avoid Nf5} Qc4 28. Re1 (28. Kg2 $16) 28... Rb8 (28... Rxe1+ $1 $11 {remains equal.} 29. Qxe1 Nxg4) 29. Re4 Qd3 {[%cal Oh6g4]} 30. Re3 Qc4 31. Re4 (31. Kg2 $142) 31... Qd3 $16 {[%cal Oh6g4] Prevents Qb3.} 32. Qe2 $36 {[%mdl 2048] White is on the roll.} Qb1+ (32... Qxe2 $16 33. Rxe2 Kf8) 33. Qe1 (33. Kg2 $18) 33... Qd3 34. Re3 Qc4 35. Kg2 {aiming for Re8+.} d5 (35... Kf8 $16 {was necessary.}) 36. Re8+ $18 Rxe8 37. Qxe8+ Bf8 38. Qe2 Qb3 (38... Qxe2+ $16 39. Bxe2 f5) 39. b5 d4 40. Kg3 $2 ({White should play} 40. Be1 $1 $18) 40... Bd6 {Inhibits Qe5.} (40... f5 $5 {[%cal Rf5g4]} 41. h3 Bd6 $16) 41. Qe8+ Kg7 42. Qc6 $1 Bb4 (42... Qb1 $1 $14) 43. Bxb4 Qxb4 44. b6 $1 Qe1+ {[#]} 45. Kh3 $2 (45. Kg2 $1 $18 Qd2+ 46. Kg3 Qe1+ 47. Kh3 Qf1+ 48. Bg2 Qxf4 49. Qe4) 45... Qf1+ $11 46. Kg3 $2 (46. Bg2 $11 Qxf4 47. Qe4) 46... Qe1+ $18 {[#]} 47. Kg2 $1 Qd2+ 48. Kh3 Qxf4 (48... f5 $16) 49. b7 $2 ({Only move:} 49. Qe4 $18 Qd6 50. b7) 49... f5 $14 50. Qd7+ Nf7 {The position is equal.} 51. Kg2 {And now Qe8 would win. Active counter play!} Qd2+ 52. Kh3 ({Wrong is} 52. Kg3 $2 f4+ 53. Kh3 Qf2 $19) 52... fxg4+ 53. Bxg4 Qe3+ 54. Kg2 Qd2+ (54... Qf4 55. Be2 (55. Be6 Qd2+ 56. Kh1 Qd1+ 57. Kg2 Qd2+ 58. Kh3 Qe3+ 59. Kg2 Qd2+ $11) 55... h5 56. h4 $16) 55. Kg3 Qe1+ 56. Kg2 Qd2+ 57. Kg3 Qe1+ 58. Kg2 Qd2+ {Weighted Error Value: White=0.34/Black=0.26 (precise)} 1/2-1/2

[Event "Charity Cup MCCT Prel 2022"]
[Site "Online"]
[Date "2022.03.15"]
[Round "1.8"]
[White "Van Foreest, Jorden"]
[Black "Anton Guijarro, David"]
[Result "1-0"]
[WhiteElo "2702"]
[BlackElo "2691"]
[Annotator "TA"]
[PlyCount "65"]
[EventDate "2022.03.18"]
[EventType "tourn"]
[EventCountry "NET"]
[SourceTitle "playchess.com"]
[Source "ChessBase"]
[SourceQuality "1"]

{[%evp 11,65,-33,-50,-39,-20,-29,-34,-21,20,31,29,10,13,22,24,26,37,0,0,0,0,0,333,325,505,500,1089,922,1049,876,853,532,966,949,962,950,941,933,922,918,774,684,769,701,683,534,795,412,749,705,738,714,1728,1457,1313,1237]} 1. e4 c6 2. d4 d5 3. e5 Bf5 {[%cal Bc8f5,Bf5e4,Be4g6][%mdl 32]} 4. g4 Be4 5. f3 Bg6 6. h4 h5 $1 7. Nh3 {B12: Caro-Kann: Advance Variation.} e6 8. Nf4 Ne7 9. Nc3 {[#] Black is slightly better.} a6 $146 (9... hxg4 $142 10. fxg4 Nd7) ({Predecessor:} 9... hxg4 10. fxg4 Bh7 11. h5 c5 12. dxc5 Nec6 13. Nd3 Nd7 14. Bf4 Nxc5 15. Nxc5 Bxc5 {½-½ (41) Jimenez Munoz,N (1940)-Roca Planas,E (1881) Barcelona 2019}) 10. Nxg6 $11 Nxg6 11. Bg5 Be7 {And now ...hxg4 would win.} 12. f4 hxg4 (12... c5 {with more complications.} 13. gxh5 Bxg5 14. fxg5 Nf4 15. dxc5 Qc7) 13. Qxg4 c5 $1 14. Bd3 {aiming for Bxg6.} cxd4 15. Bxg6 {[%cal Og4e6] Hoping for Qxe6!} dxc3 16. Qxe6 $1 fxg6 {[%mdl 8192] [#] Black is now going downhill.} (16... O-O $1 $11 {and Black has nothing to worry.} 17. Qxe7 Qb6) 17. O-O-O $1 $18 (17. bxc3 Nc6 18. Rb1 (18. Qxg6+ Kd7 $17) 18... Rb8 19. Qxg6+ Kd7 20. Qxg7 Qf8 21. Qxf8 Rhxf8 $17) (17. Qxg6+ Kd7 18. O-O-O (18. bxc3 Nc6 $17) (18. Bxe7 Qxe7 19. O-O-O cxb2+ 20. Kxb2 Nc6 $19) 18... Kc7 $11) 17... Nc6 (17... Qd7 $142 18. Qxg6+ Kd8) 18. Rxd5 Qb6 (18... Qc8 $142 19. Qxg6+ Kf8) 19. Qxg6+ Kf8 20. Bxe7+ Kg8 21. Ba3 {Black must now prevent Rd7.} Qe3+ 22. Kb1 {Rd7 would kill now.} Rh6 23. Qg4 {Threatens to win with Rd7.} Kh8 24. Rd7 {[%csl Gd7][%cal Rg4g7]} Rg8 25. Rg1 Rh7 26. bxc3 Na5 27. Bb4 Nc4 28. Rd4 ({Weaker is} 28. Rxb7 a5 29. Qg3 axb4 30. Qxe3 (30. Rxb4 Qc5 $14) (30. cxb4 $2 Qd4 $19) 30... Nxe3 $16) 28... b5 29. Rd3 Qb6 (29... Qf2 $142 30. Qg3 Qxg3 31. Rdxg3 Re8) 30. Bd6 {White is clearly winning.} Qf2 31. h5 Ne3 {[#]} 32. Rxe3 $1 Qxe3 (32... b4 33. Rf3) 33. e6 {Weighted Error Value: White=0.33/Black=0.54} 1-0

[Event "Charity Cup MCCT Prel 2022"]
[Site "Online"]
[Date "2022.03.15"]
[Round "2.1"]
[White "Niemann, Hans Moke"]
[Black "Anton Guijarro, David"]
[Result "1-0"]
[WhiteElo "2642"]
[BlackElo "2691"]
[Annotator "TA"]
[PlyCount "57"]
[EventDate "2022.03.18"]
[EventType "tourn"]
[EventCountry "NET"]
[SourceTitle "playchess.com"]
[Source "ChessBase"]
[SourceQuality "1"]

{[%evp 9,57,0,0,0,7,0,2,-1,0,-2,10,-24,-31,-8,0,0,103,112,102,106,95,91,107,76,85,91,77,90,118,0,145,136,252,243,282,296,370,372,405,420,495,467,718,699,701,578,872,834,1332,1322]} 1. d4 d5 2. Nc3 Nf6 3. Bf4 e6 4. Nb5 Bb4+ 5. c3 Ba5 6. e3 {D00: 1 d4 d5: Unusual lines.} a6 7. Na3 O-O {[%cal Oc7c5]} 8. Nf3 {The position is equal.} Nbd7 9. Be2 {[#]} Ne4 $146 ({Predecessor:} 9... c6 10. O-O Qe7 11. Nb1 Nh5 12. Nbd2 f6 13. c4 g5 14. Bg3 Nxg3 15. hxg3 f5 16. Nb3 Bc7 17. Bd3 Rf7 {0-1 (17) Malelak,J (2121)-Suyoto,S (1981) ICCF email 2020}) 10. Nb1 g5 11. Bg3 {[%cal Bf4g3,Bg3h4,Bh4g3,Bg3h2][%mdl 32]} h5 {...h4 is the strong threat.} 12. Bd3 Qe7 (12... h4 $11 13. Nxh4 gxh4 14. Bxe4 f5) 13. Bxe4 $16 dxe4 14. Nfd2 {[%csl LRe4,LRh5]} h4 {[#]} 15. Bxh4 f5 {[%cal Bf7f5,Bf5f4][%mdl 32]} 16. Bg3 b5 {To avoid Nc4} 17. h4 f4 {[#]} 18. Bh2 {Hoping for Qh5.} (18. exf4 gxf4 19. Bh2 (19. Nxe4 $2 fxg3 20. Qg4+ Qg7 $19) (19. Qg4+ Qg7 $15) 19... Bb7 $15) 18... e5 19. hxg5 ({Of course not} 19. Nxe4 $6 fxe3 20. fxe3 exd4 21. Qb3+ (21. Qxd4 Bb7 $17) 21... Rf7 $14) ({Better is} 19. Qh5 $16) 19... Qxg5 (19... fxe3 $11 20. fxe3 (20. Qb3+ Kg7 $11) 20... Qxg5) 20. Qb3+ Rf7 {[#]} (20... Kg7 $16 {keeps fighting.}) 21. exf4 $1 $18 exf4 {Strongly threatening ...Bb7.} 22. Nxe4 {[%cal Bd2e4,Be4c5,Bc5b7,Bb7d6][%mdl 32]} Qg6 23. Nbd2 Bb7 24. f3 c5 25. dxc5 {White is clearly winning.} ({And not} 25. Bxf4 Bxe4 26. Nxe4 c4 $11) 25... Nxc5 (25... Rd8 $142 26. Nd6 Nxc5 27. Qxf7+ Qxf7 28. Nxf7 Nd3+ 29. Kd1 Kxf7) 26. Nxc5 Re8+ 27. Kd1 Bb6 28. Nxb7 {And now Bxf4 would win.} Qxg2 {[#]} 29. Nd6 $1 {Weighted Error Value: White=0.12 (very precise) /Black=0.42} 1-0

[Event "Charity Cup MCCT Prel 2022"]
[Site "Online"]
[Date "2022.03.15"]
[Round "2.2"]
[White "Jones, Gawain C B"]
[Black "Van Foreest, Jorden"]
[Result "0-1"]
[WhiteElo "2671"]
[BlackElo "2702"]
[Annotator "TA"]
[PlyCount "96"]
[EventDate "2022.03.18"]
[EventType "tourn"]
[EventCountry "NET"]
[SourceTitle "playchess.com"]
[Source "ChessBase"]
[SourceQuality "1"]

{[%evp 11,96,14,10,14,22,16,24,5,31,19,18,18,9,0,17,13,19,29,35,0,61,47,58,51,52,39,115,-8,63,58,67,66,65,23,35,21,14,-36,0,-31,-26,-39,-11,-27,18,20,48,34,17,0,0,-71,0,0,0,-17,-16,-56,-52,-119,-124,-182,-166,-165,-177,-378,-396,-391,-399,-406,-404,-435,-428,-470,-480,-678,-659,-752,-713,-1212,-1262,-1312,-1267,-1190,-1135,-1779,-1162]} 1. e4 e5 2. Nf3 Nc6 3. Bc4 Nf6 4. d3 Bc5 5. O-O d6 6. c3 a6 7. a4 {is cutting edge theory. C54: Giuoco Piano: 4 c3 Nf6, main lines with 5 d4 and 5 d3.} Ba7 8. Re1 O-O 9. h3 {White has an edge.} Be6 {[%cal Of6e4]} 10. Bxe6 (10. Na3 {looks sharper.} d5 11. exd5 Nxd5 12. Bd2 Re8 13. b4) 10... fxe6 11. b4 Nh5 12. Ra2 Qe8 {[#]} 13. Be3 $146 ({Predecessor:} 13. Na3 Nf4 14. Bxf4 Rxf4 15. Nc4 Qg6 16. b5 Raf8 17. Ncd2 Ne7 18. d4 Qf6 19. dxe5 dxe5 20. bxa6 bxa6 {0-1 (40) Caruana,F (2819)-Grischuk,A (2766) Paris 2019}) 13... Nf4 14. Bxa7 Rxa7 15. Kh2 (15. g3 $5 {[%cal Rg3f4]}) 15... b5 (15... Qf7 $11) 16. g3 $14 Nh5 17. Kg2 Qg6 18. Re3 bxa4 ({Black should try} 18... Raa8 $14) 19. Nh4 (19. Qxa4 $16 Nb8 20. Nbd2) 19... Qe8 (19... Nf4+ $11 20. Kh2 Qh6) 20. Qxa4 a5 {Strongly threatening ...axb4.} 21. b5 Nb8 22. d4 (22. Nf3 $14) 22... Nd7 $11 23. dxe5 Nxe5 24. Qd4 (24. Nd2 $11) 24... Ra8 {[%cal Oh5f4]} 25. Na3 Qf7 {aiming for ...g5.} 26. Qd1 Nf6 (26... g5 27. Nf3 $11) 27. Qe2 Nfd7 (27... Ned7 $142) 28. f4 {[%cal Bf2f4,Bf4f5][%mdl 32]} Ng6 {And now ...Nxh4+ would win.} 29. Nf3 Nc5 30. Nc4 a4 31. Ng5 {[#]} (31. Kh2 $11 {remains equal.}) 31... Qe8 ({But not} 31... Nxf4+ 32. gxf4 Qxf4 33. Rg3 $11) (31... Qd7 $1 $17 {[%cal Of8f4] ...Rxf4! is the strong threat.} 32. Qh5 {[#]} h6 $1 33. Qxg6 hxg5 34. Qxg5 e5) 32. f5 $1 Ne7 {[%cal Bg6e7,Be7c8,Bc8b6,Bb6d7,Bd7f6][%mdl 32]} 33. Nd2 Nc8 34. Ndf3 e5 {To avoid Nd4} 35. Qc4+ (35. Nd2 $15) 35... Kh8 $17 36. Rf2 (36. Qe2 $17) 36... Nb6 $19 37. Qa2 h6 {[%cal Bh7h6,Bh6g5][%mdl 32]} 38. Nh4 $2 (38. Ne6 {is the only way for White.} Nxe6 39. fxe6) 38... hxg5 39. Ng6+ Kh7 40. Qe2 Nbd7 ({Worse is} 40... Kh6 41. h4 Qd8 42. Rf1 $15) 41. Nxf8+ Qxf8 {Black is clearly winning.} ({Don't blunder} 41... Nxf8 $2 42. c4 $19) 42. Qh5+ Kg8 43. Qxg5 (43. c4 $142) 43... a3 44. Ree2 Nf6 45. Qc1 Nd3 {Pair of Knights!} 46. Qb1 Nxf2 47. Rxf2 Qf7 {Threatens to win with ...a2.} 48. b6 cxb6 {Weighted Error Value: White=0.51/Black=0.16 (very precise)} 0-1